Generational Accounts, Aggregate Savings, and Intergenerational Distribution

Salvato in:
Dettagli Bibliografici
Autore principale: Buiter, Willem H.
Natura: Libro
Lingua:inglese
Pubblicazione: Washington International Monetary Fund 1996
Edizione:1. ed.
Serie:IMF Working Paper 76
Soggetti:
Tags: Aggiungi Tag
Nessun Tag, puoi essere il primo ad aggiungerne!!

MARC

LEADER 00000nam a2200000 4500
001 c017453
005 20221221082455.7
041 0 |a eng 
044 |a US 
245 1 0 |a Generational Accounts, Aggregate Savings, and Intergenerational Distribution  |c Willem H. Buiter 
250 |a 1. ed. 
264 1 |a Washington  |b International Monetary Fund  |c 1996 
300 |a 27 s. 
490 1 |a IMF Working Paper  |v 76 
830 0 |a IMF Working Paper  |v 76 
610 2 0 |a uzávierka účtovná 
610 2 0 |a uzávierky 
610 2 0 |a úspory 
610 2 0 |a rozdeľovanie 
610 2 0 |a generácie 
610 2 0 |a spotreba 
610 2 0 |a účty rodinné 
610 2 0 |a použitie dôchodku národného 
610 2 0 |a rozpočet štátny 
100 1 |a Buiter, Willem H.